Our risen Lord. (Record no. 7621)

000 -LEADER
fixed length control field 00560nam a2200181 a 4500
001 - CONTROL NUMBER
control field :::00005382$&:&@@
003 - CONTROL NUMBER IDENTIFIER
control field OkBaRHE
005 - DATE AND TIME OF LATEST TRANSACTION
control field 20000607103325.0
008 - FIXED-LENGTH DATA ELEMENTS--GENERAL INFORMATION
fixed length control field s1965 j 000 0 eng u
040 ## - CATALOGING SOURCE
Transcribing agency
100 1# - MAIN ENTRY--PERSONAL NAME
Personal name Loane, Marcus L.
245 10 - TITLE STATEMENT
Title Our risen Lord.
Statement of responsibility, etc Foreword by L. L. Morris.
260 ## - PUBLICATION, DISTRIBUTION, ETC. (IMPRINT)
Place of publication, distribution, etc Grand Rapids, MI., :
Name of publisher, distributor, etc Zondervan Pub. House
Date of publication, distribution, etc c1965
300 ## - PHYSICAL DESCRIPTION
Extent 119 p. ;
Dimensions 21 cm.
650 ## - SUBJECT ADDED ENTRY--TOPICAL TERM
Topical term or geographic name as entry element Jesus Christ
General subdivision Forty Days
942 ## - ADDED ENTRY ELEMENTS (KOHA)
Source of classification or shelving scheme
Koha item type Books
Copies
Barcode Date last seen Date acquired Source of classification or shelving scheme Withdrawn status Lost status Shelving location Not for loan Damaged status Copy number Koha item type Full call number Price effective from Permanent Location
53822010-04-142010-04-14   General Stacks  1BooksBT 485 .L62010-04-14RHEMA Bible Training College